| 000 | 00682nam a2200181Ia 4500 | ||
|---|---|---|---|
| 008 | 090124s9999 xx 000 0 und d | ||
| 082 | _b9038 | ||
| 100 | _aगोरे गणेश मोरेश्वर | ||
| 245 | _a अलक्ङार-चंद्रिका | ||
| 250 | _a5 | ||
| 260 |
_bअनाथ विद्यार्थी गृह प्रकाशन _c1962 |
||
| 300 | _a10+212 | ||
| 600 | _aगोरे गणेश मोरेश्वर | ||
| 630 | _a अलक्ङार-चंद्रिका | ||
| 700 | _aगोरे गणेश मोरेश्वर | ||
| 730 | _a अलक्ङार-चंद्रिका | ||
| 942 | _cBOOK | ||
| 999 |
_c86660 _d86660 |
||